[Event "Ruhrgebiet Verbandsklasse Gruppe 2 1819"]
[Site "Nordrheinwestfalen"]
[Date "2019.05.05"]
[Round "9.5"]
[White "Stachnik, Adam"]
[Black "Greger, Helmut"]
[Result "1-0"]
[WhiteElo "1803"]
[BlackElo "1886"]
[PlyCount "149"]
[EventDate "2018.09.23"]
[EventType "team-tourn"]
[EventRounds "9"]
[EventCountry "GER"]
[SourceTitle "EXT 2022"]
[Source "ChessBase"]
[SourceDate "2021.10.06"]
[SourceVersion "1"]
[SourceVersionDate "2021.10.06"]
[SourceQuality "1"]
[WhiteTeam "Bochum SG IV"]
[BlackTeam "Steele/Kray Rochade"]
[WhiteTeamCountry "GER"]
[BlackTeamCountry "GER"]

1. e4 g6 2. d4 Bg7 3. Nf3 d6 4. h3 Nf6 5. Bd3 c6 6. Be3 0-0 7. Nbd2 Nbd7 8. 0-0 e5 9. c3 Re8 10. Re1 Nf8 11. dxe5 dxe5 12. Nc4 Nh5 13. Qd2 Qc7 14. Rad1 b5 15. Na3 Ne6 16. Nc2 Rd8 17. Qc1 Nhf4 18. Bf1 Bd7 19. c4 a5 20. a3 Be8 21. Rxd8 Rxd8 22. Rd1 f6 23. Rxd8 Qxd8 24. Qd2 Qxd2 25. Nxd2 Bf8 26. Bb6 a4 27. g3 Nh5 28. Kg2 Bh6 29. Be3 Bf8 30. Nb1 Nhg7 31. Nc3 Nc7 32. f4 Nge6 33. Kf3 Kf7 34. h4 h5 35. Bb6 Na8 36. Ba5 Nec7 37. Nb4 Bc5 38. cxb5 cxb5 39. Nbd5 Nxd5 40. exd5 Bd4 41. Nxb5 Bxb2 42. Nd6+ Ke7 43. Nxe8 Kxe8 44. Bb5+ Ke7 45. Bb4+ Kd8 46. Bxa4 Bd4 47. Bd6 Nb6 48. Bb3 exf4 49. Bxf4 Nd7 50. Bc2 f5 51. Be3 Ne5+ 52. Kf4 Bxe3+ 53. Kxe3 Kd7 54. a4 Kd6 55. Bb3 Nd7 56. Kf4 Nc5 57. Ba2 Ne4 58. a5 Kc5 59. a6 Kb6 60. Bc4 Nd6 61. Bd3 Nf7 62. Be2 Nd6 63. Bf1 Ne4 64. Bd3 Nf2 65. Bc4 Ne4 66. Bd3 Nf2 67. Ke3 Ng4+ 68. Kf4 Nf2 69. Be2 Ne4 70. Bf1 Nf6 71. d6 Nd7 72. Kg5 Ne5 73. Kf6 Nd7+ 74. Kxg6 Kc5 75. a7 1-0

[Event "Ruhrgebiet Verbandsklasse Gruppe 2 1819"]
[Site "Nordrheinwestfalen"]
[Date "2018.11.04"]
[Round "3.5"]
[White "Hirschberg, Markus"]
[Black "Greger, Helmut"]
[Result "1-0"]
[WhiteElo "1796"]
[BlackElo "1915"]
[PlyCount "63"]
[EventDate "2018.09.23"]
[EventType "team-tourn"]
[EventRounds "9"]
[EventCountry "GER"]
[SourceTitle "EXT 2022"]
[Source "ChessBase"]
[SourceDate "2021.10.06"]
[SourceVersion "1"]
[SourceVersionDate "2021.10.06"]
[SourceQuality "1"]
[WhiteTeam "Buer Hassel"]
[BlackTeam "Steele/Kray Rochade"]
[WhiteTeamCountry "GER"]
[BlackTeamCountry "GER"]

1. e4 g6 2. d4 Bg7 3. Be3 d6 4. Be2 c6 5. Nf3 Nf6 6. Nc3 0-0 7. Nd2 e5 8. dxe5 dxe5 9. h4 h5 10. f3 b6 11. g4 Ba6 12. Bg5 Bxe2 13. Qxe2 Qc8 14. Bxf6 Bxf6 15. gxh5 gxh5 16. 0-0-0 Qa6 17. Nc4 Re8 18. Rhg1+ Kf8 19. Rd6 Re6 20. Qd3 Qb7 21. Qe3 Ke7 22. Qh6 Nd7 23. Rxe6+ Kxe6 24. Qxh5 Rh8 25. Qf5+ Ke7 26. h5 b5 27. Ne3 b4 28. Ncd5+ cxd5 29. Nxd5+ Ke8 30. Nxf6+ Nxf6 31. Qxf6 Rf8 32. Qxe5+ 1-0

[Event "Ruhrgebiet Verbandsliga Gruppe 1 1617"]
[Site "Germany"]
[Date "2017.03.12"]
[Round "8.3"]
[White "Gerst, Michael"]
[Black "Greger, Helmut"]
[Result "1-0"]
[WhiteElo "1992"]
[BlackElo "1958"]
[PlyCount "131"]
[EventDate "2016.09.04"]
[EventType "team-tourn"]
[EventRounds "9"]
[EventCountry "GER"]
[SourceTitle "EXT 2022"]
[Source "ChessBase"]
[SourceDate "2021.10.06"]
[SourceVersion "1"]
[SourceVersionDate "2021.10.06"]
[SourceQuality "1"]
[WhiteTeam "Oberhausen SV II"]
[BlackTeam "Steele/Kray Rochade"]
[WhiteTeamCountry "GER"]
[BlackTeamCountry "GER"]

1. e4 g6 2. d4 Bg7 3. Nc3 d6 4. Nge2 c6 5. a4 Nf6 6. g3 0-0 7. Bg2 Na6 8. h3 Nc7 9. 0-0 e5 10. Be3 h6 11. Qd2 Kh7 12. Rad1 Be6 13. Kh2 Qe7 14. f4 Ng8 15. fxe5 dxe5 16. d5 Rfd8 17. Qe1 Bc8 18. Qf2 Ne8 19. Bxa7 Nd6 20. Bb6 Rd7 21. Bc5 Nf6 22. Rd3 Nfe8 23. Rfd1 Bf8 24. b3 Ra6 25. Bb6 Qf6 26. Qxf6 Nxf6 27. dxc6 bxc6 28. Bc5 Nfe8 29. g4 Ra8 30. R3d2 Kg7 31. Ng3 Ba6 32. Kg1 Rb8 33. Kf2 Be7 34. Bf1 Bxf1 35. Nxf1 Kf6 36. Rd3 Ke6 37. Kf3 Nc7 38. Ne3 Nce8 39. Nc4 Rdd8 40. Nxd6 Nxd6 41. Ne2 Ra8 42. Ng3 Rab8 43. Nf1 Rb7 44. Ne3 Rdd7 45. Bxd6 Rxd6 46. Rxd6+ Bxd6 47. Nc4 Bc7 48. Ke3 Rb8 49. Rd3 f6 50. Kd2 Rh8 51. Kc3 h5 52. Kb4 hxg4 53. hxg4 Rh2 54. Kc5 Rxc2 55. Kxc6 Ba5 56. Kb7 Bc3 57. a5 Bd4 58. a6 Rh2 59. Rxd4 exd4 60. a7 Rh7+ 61. Ka6 Rh8 62. b4 f5 63. gxf5+ gxf5 64. exf5+ Kxf5 65. b5 d3 66. b6 1-0

[Event "Ruhrgebiet Verbandsliga Gruppe 1 1617"]
[Site "Germany"]
[Date "2016.09.25"]
[Round "2.3"]
[White "Greger, Helmut"]
[Black "Aulich, Marcell"]
[Result "1/2-1/2"]
[WhiteElo "1966"]
[BlackElo "2124"]
[PlyCount "34"]
[EventDate "2016.09.04"]
[EventType "team-tourn"]
[EventRounds "9"]
[EventCountry "GER"]
[SourceTitle "EXT 2022"]
[Source "ChessBase"]
[SourceDate "2021.10.06"]
[SourceVersion "1"]
[SourceVersionDate "2021.10.06"]
[SourceQuality "1"]
[WhiteTeam "Steele/Kray Rochade"]
[BlackTeam "Horst Emscher"]
[WhiteTeamCountry "GER"]
[BlackTeamCountry "GER"]

1. c4 e5 2. Nc3 Nf6 3. Nf3 Nc6 4. g3 Nd4 5. Bg2 Nxf3+ 6. Bxf3 Bc5 7. 0-0 Qe7 8. d3 c6 9. a3 a5 10. e3 Ba7 11. Qc2 0-0 12. b4 Rd8 13. c5 d5 14. Re1 Bb8 15. Bb2 Bh3 16. Bh1 h5 17. f3 h4 1/2-1/2

[Event "Ruhrgebiet Verbandsliga Gruppe 1 1415"]
[Site "Germany"]
[Date "2015.04.26"]
[Round "9.5"]
[White "Schlueter, Christoph"]
[Black "Greger, Helmut"]
[Result "1/2-1/2"]
[WhiteElo "1995"]
[BlackElo "1958"]
[PlyCount "53"]
[EventDate "2014.09.21"]
[EventType "team-tourn"]
[EventRounds "9"]
[EventCountry "GER"]
[SourceTitle "EXT 2022"]
[Source "ChessBase"]
[SourceDate "2021.10.06"]
[SourceVersion "1"]
[SourceVersionDate "2021.10.06"]
[SourceQuality "1"]
[WhiteTeam "Kirchhellen SF"]
[BlackTeam "Steele/Kray Rochade"]
[WhiteTeamCountry "GER"]
[BlackTeamCountry "GER"]

1. d4 Nf6 2. c4 g6 3. Nc3 Bg7 4. e4 d6 5. Be2 0-0 6. Nf3 c6 7. 0-0 Nbd7 8. Qc2 e5 9. Rd1 Qc7 10. b3 Re8 11. d5 c5 12. Rb1 Nh5 13. g3 Nf8 14. Nh4 Nf6 15. Re1 Kh8 16. Qd1 Qd7 17. Rb2 Ng8 18. Bd3 Bh6 19. f3 f6 20. Rf2 Qg7 21. Bd2 Bxd2 22. Qxd2 Nh6 23. Kh1 Re7 24. g4 Nf7 25. Rg1 Qh6 26. Qxh6 Nxh6 27. h3 1/2-1/2

[Event "Ruhrgebiet Verbandsliga Gruppe 1 1415"]
[Site "Germany"]
[Date "2015.03.01"]
[Round "7.5"]
[White "Greger, Helmut"]
[Black "Schaefer, Michael"]
[Result "1-0"]
[WhiteElo "1943"]
[BlackElo "1690"]
[PlyCount "75"]
[EventDate "2014.09.21"]
[EventType "team-tourn"]
[EventRounds "9"]
[EventCountry "GER"]
[SourceTitle "EXT 2022"]
[Source "ChessBase"]
[SourceDate "2021.10.06"]
[SourceVersion "1"]
[SourceVersionDate "2021.10.06"]
[SourceQuality "1"]
[WhiteTeam "Steele/Kray Rochade"]
[BlackTeam "Herne Sodingen II"]
[WhiteTeamCountry "GER"]
[BlackTeamCountry "GER"]

1. c4 Nf6 2. Nf3 e6 3. g3 d5 4. d4 c6 5. Bg2 Bb4+ 6. Bd2 Qe7 7. 0-0 0-0 8. a3 Bxd2 9. Nbxd2 Nbd7 10. b4 b6 11. Rc1 Ba6 12. Qb3 Rfd8 13. Rfe1 Bb7 14. Qb2 Rab8 15. e3 c5 16. dxc5 bxc5 17. b5 a6 18. a4 dxc4 19. Nxc4 axb5 20. axb5 Bd5 21. Qe2 Ne8 22. Rb1 Nc7 23. e4 Bxc4 24. Qxc4 Rb6 25. Bf1 Rdb8 26. Qa4 Qf6 27. Kg2 Ne5 28. Nxe5 Qxe5 29. Red1 h5 30. f4 Qc3 31. Rd3 Qf6 32. Rd7 Ra8 33. Qc2 Ne8 34. e5 Qh6 35. Qxc5 Rbb8 36. Rc1 Rc8 37. Qxc8 Rxc8 38. Rxc8 1-0

[Event "Ruhrgebiet Verbandsliga Gruppe 1 1415"]
[Site "Germany"]
[Date "2015.02.08"]
[Round "6"]
[White "Meise, Ulrich"]
[Black "Greger, Helmut"]
[Result "0-1"]
[WhiteElo "1842"]
[BlackElo "1952"]
[PlyCount "94"]
[EventDate "2014.09.21"]
[EventType "team-tourn"]
[EventRounds "9"]
[EventCountry "GER"]
[SourceTitle "EXT 2022"]
[Source "ChessBase"]
[SourceDate "2021.10.06"]
[SourceVersion "1"]
[SourceVersionDate "2021.10.06"]
[SourceQuality "1"]
[WhiteTeam "Gerthe Werne"]
[BlackTeam "Steele/Kray Rochade"]
[WhiteTeamCountry "GER"]
[BlackTeamCountry "GER"]

1. e4 g6 2. d4 Bg7 3. Nf3 d6 4. Nc3 Nf6 5. Bc4 c6 6. Bg5 b5 7. Bd3 h6 8. Bxf6 exf6 9. 0-0 0-0 10. a3 a6 11. Re1 Qd7 12. Na2 c5 13. c4 bxc4 14. Bxc4 Bb7 15. dxc5 dxc5 16. Nc3 Nc6 17. Nd5 Qd6 18. Nb6 Rad8 19. Qxd6 Rxd6 20. Bd5 Na5 21. Bxb7 Rxb6 22. Bd5 Rxb2 23. Rac1 Rc8 24. Red1 h5 25. h3 Bh6 26. Rc3 Bf4 27. g3 Be5 28. Nxe5 fxe5 29. Bc4 Nxc4 30. Rxc4 Ra2 31. Rd3 Rc6 32. Rf3 Rd2 33. Kg2 Rd4 34. Rfc3 Rxc4 35. Rxc4 Kf8 36. Kf3 Ke7 37. Ke3 Kd7 38. f4 f6 39. h4 Kc7 40. Kf3 Kb6 41. g4 Rd6 42. Rc3 hxg4+ 43. Kxg4 Rd4 44. Re3 Rxe4 45. Rxe4 f5+ 46. Kg5 fxe4 47. fxe5 e3 0-1

[Event "Ruhrgebiet VK2 1213"]
[Site "Nordrheinwestfalen"]
[Date "2013.02.03"]
[Round "6.3"]
[White "Greger, Helmut"]
[Black "Ziperstein, Jakob"]
[Result "1-0"]
[WhiteElo "1927"]
[BlackElo "1854"]
[PlyCount "91"]
[EventDate "2012.09.02"]
[EventType "team-tourn"]
[EventRounds "9"]
[EventCountry "GER"]
[SourceTitle "EXT 2020"]
[Source "ChessBase"]
[SourceDate "2019.10.17"]
[SourceVersion "1"]
[SourceVersionDate "2019.10.17"]
[SourceQuality "1"]
[WhiteTeam "Rochade Steele/Kray"]
[BlackTeam "Dortmund FS 98 II"]
[WhiteTeamCountry "GER"]
[BlackTeamCountry "GER"]

1. c4 Nf6 2. Nf3 g6 3. g3 Bg7 4. Bg2 0-0 5. d4 d5 6. cxd5 Qxd5 7. Nc3 Qd8 8. 0-0 Nbd7 9. e4 e6 10. Bg5 h6 11. Bf4 a6 12. h3 Nh5 13. Be3 Nb6 14. Qc1 Kh7 15. b3 Nf6 16. Rd1 Qe7 17. Qc2 Rd8 18. Rac1 Nbd7 19. d5 Ne8 20. dxe6 fxe6 21. Ne2 Ne5 22. Nxe5 Bxe5 23. f4 Rxd1+ 24. Rxd1 Bg7 25. e5 Bf8 26. Be4 Bd7 27. Bxg6+ Kg8 28. Nc3 Bc6 29. Be4 Rd8 30. Rxd8 Qxd8 31. Bxc6 bxc6 32. Qg6+ Ng7 33. Kf2 Be7 34. Ne4 Qe8 35. Qxe8+ Nxe8 36. Bc5 Bd8 37. Bb4 Ng7 38. g4 Bh4+ 39. Ke3 h5 40. Kd4 Kf7 41. Ba5 Ne8 42. Kc5 Be7+ 43. Kxc6 Ba3 44. Bd2 Bb2 45. Kd7 Bd4 46. Ng5+ 1-0

[Event "Ruhrgebiet VK2 1112"]
[Site "Nordrheinwestfalen"]
[Date "2012.03.04"]
[Round "7"]
[White "Kuerschners, Stefan"]
[Black "Greger, Helmut"]
[Result "1/2-1/2"]
[WhiteElo "2000"]
[BlackElo "1937"]
[PlyCount "55"]
[EventDate "2012.09.18"]
[EventType "team-tourn"]
[EventRounds "9"]
[EventCountry "GER"]
[SourceTitle "EXT 2020"]
[Source "ChessBase"]
[SourceDate "2019.10.17"]
[SourceVersion "1"]
[SourceVersionDate "2019.10.17"]
[SourceQuality "1"]
[WhiteTeam "Oberhausen SV III"]
[BlackTeam "Rochade Steele/Kray"]
[WhiteTeamCountry "GER"]
[BlackTeamCountry "GER"]

1. e4 g6 2. d4 Bg7 3. Nc3 d6 4. Nge2 c6 5. g3 Nd7 6. Bg2 Qc7 7. 0-0 e5 8. Be3 Ngf6 9. h3 0-0 10. f4 Re8 11. Qd2 Nb6 12. b3 Nfd7 13. Rad1 a5 14. a4 Nf8 15. fxe5 dxe5 16. d5 Ra6 17. g4 Qd6 18. Qe1 Qe7 19. Qf2 Nbd7 20. Bg5 f6 21. Be3 h6 22. Rd3 Nh7 23. Ng3 Rf8 24. Rfd1 Rf7 25. Nce2 Ndf8 26. c4 Bd7 27. Nc3 Ra8 28. Rf1 1/2-1/2

[Event "Ruhrgebiet VK2 1112"]
[Site "Nordrheinwestfalen"]
[Date "2012.01.08"]
[Round "5"]
[White "Greger, Helmut"]
[Black "Maibaum, Ludwig"]
[Result "1-0"]
[WhiteElo "1937"]
[BlackElo "1637"]
[PlyCount "78"]
[EventDate "2012.09.18"]
[EventType "team-tourn"]
[EventRounds "9"]
[EventCountry "GER"]
[SourceTitle "EXT 2020"]
[Source "ChessBase"]
[SourceDate "2019.10.17"]
[SourceVersion "1"]
[SourceVersionDate "2019.10.17"]
[SourceQuality "1"]
[WhiteTeam "Rochade Steele/Kray"]
[BlackTeam "Drewer SG"]
[WhiteTeamCountry "GER"]
[BlackTeamCountry "GER"]

1. c4 e5 2. Nc3 Nf6 3. Nf3 Nc6 4. g3 d5 5. cxd5 Nxd5 6. Bg2 Be6 7. 0-0 Be7 8. d4 exd4 9. Nxd4 Nxc3 10. bxc3 Nxd4 11. cxd4 c6 12. Bb2 0-0 13. Qc2 Qb6 14. Rab1 Rac8 15. Ba3 Qc7 16. Bxe7 Qxe7 17. Rbc1 Rfd8 18. e3 g6 19. Qc5 Qxc5 20. Rxc5 Rd6 21. Ra5 a6 22. Rb1 Rc7 23. Rc1 Rcd7 24. a3 Kf8 25. Rac5 Ke7 26. h4 Kd8 27. a4 Ke7 28. a5 f6 29. f4 Ke8 30. Kf2 Ke7 31. h5 Bf7 32. hxg6 hxg6 33. Rh1 Bg8 34. Rh6 Kf7 35. Rh1 Ke7 36. Be4 f5 37. Bf3 Kf6 38. g4 fxg4 39. Bxg4 Rh7 1-0

[Event "Ruhrgebiet VK2 1112"]
[Site "Nordrheinwestfalen"]
[Date "2011.09.18"]
[Round "1"]
[White "Prass, Marian"]
[Black "Greger, Helmut"]
[Result "0-1"]
[WhiteElo "1896"]
[BlackElo "1937"]
[PlyCount "113"]
[EventDate "2012.09.18"]
[EventType "team-tourn"]
[EventRounds "9"]
[EventCountry "GER"]
[SourceTitle "EXT 2020"]
[Source "ChessBase"]
[SourceDate "2019.10.17"]
[SourceVersion "1"]
[SourceVersionDate "2019.10.17"]
[SourceQuality "1"]
[WhiteTeam "Altenessen"]
[BlackTeam "Rochade Steele/Kray"]
[WhiteTeamCountry "GER"]
[BlackTeamCountry "GER"]

1. Nf3 g6 2. c4 Bg7 3. Nc3 d6 4. d4 Nf6 5. e4 0-0 6. Be2 Nc6 7. 0-0 e5 8. d5 Ne7 9. b4 Ne8 10. Nd2 f5 11. Nb3 Nf6 12. f3 f4 13. c5 g5 14. Bd2 h5 15. Rc1 Ng6 16. Be1 Rf7 17. Rc2 Bf8 18. Bf2 Rg7 19. Qd2 g4 20. Rd1 h4 21. Kf1 g3 22. hxg3 fxg3 23. Be3 h3 24. Kg1 Nh5 25. Bf1 Ngf4 26. Ne2 Qh4 27. Nxf4 Nxf4 28. Bxf4 hxg2 29. Bxg2 exf4 30. cxd6 Bxd6 31. Nd4 Qh2+ 32. Kf1 b6 33. a4 Bh3 34. Bxh3 Qh1+ 35. Ke2 Qxh3 36. Kd3 Qh5 37. b5 Be5 38. Qg2 Bxd4 39. Kxd4 Re8 40. Kd3 Rd7 41. Kc4 Rh7 42. Rg1 Ree7 43. Rcc1 Qh2 44. Kd4 Qh5 45. Kc4 Qe5 46. Kd3 Reg7 47. Qa2 Rh2 48. Rc2 Rxc2 49. Qxc2 Rh7 50. Rg2 Rh1 51. Qc3 Rd1+ 52. Kc4 Qxc3+ 53. Kxc3 Rf1 54. Kd4 Rxf3 55. Ke5 Rf1 56. Kf6 f3 57. Rc2 0-1

[Event "Ruhrgebiet VK1 0910"]
[Site "Ruhrgebiet"]
[Date "2010.04.18"]
[Round "9.6"]
[White "Arnold, Ulrich"]
[Black "Greger, Helmut"]
[Result "1-0"]
[WhiteElo "1937"]
[BlackElo "1986"]
[PlyCount "88"]
[EventDate "2009.09.06"]
[EventType "team"]
[EventRounds "9"]
[EventCountry "GER"]
[SourceTitle "EXT 2011"]
[Source "ChessBase"]
[SourceDate "2010.11.26"]
[SourceVersion "1"]
[SourceVersionDate "2010.11.26"]
[SourceQuality "1"]
[WhiteTeam "Drewer SG"]
[BlackTeam "Rochade Steele/Kray"]
[WhiteTeamCountry "GER"]
[BlackTeamCountry "GER"]

1. c4 g6 2. g3 Bg7 3. Bg2 d6 4. Nf3 e5 5. d3 Nc6 6. Nc3 Nf6 7. 0-0 0-0 8. Rb1 Bd7 9. Bg5 h6 10. Bd2 Qc8 11. Re1 Bh3 12. Bh1 Kh7 13. b4 Ne7 14. b5 Nf5 15. e4 Ne7 16. a4 Nh5 17. Nd5 Qd7 18. Nh4 Nxd5 19. cxd5 f5 20. Nxf5 gxf5 21. Qxh5 Bg4 22. Qh4 Qd8 23. Qxd8 Raxd8 24. exf5 Bxf5 25. Be4 Kg8 26. Kg2 Rf7 27. Rbc1 Rdd7 28. Rc2 Bh7 29. Rec1 h5 30. Be3 b6 31. a5 Bf6 32. axb6 axb6 33. Ra1 Kg7 34. Ra8 Rd8 35. Rxd8 Bxd8 36. Ra2 Bf6 37. h4 Bg6 38. Bd2 Re7 39. Bxg6 Kxg6 40. f3 Kf5 41. Ra8 Rg7 42. Kf2 Rf7 43. Rg8 Rh7 44. g4+ hxg4 1-0

[Event "Ruhrgebiet VK1 0910"]
[Site "Ruhrgebiet"]
[Date "2010.02.07"]
[Round "6.6"]
[White "Greger, Helmut"]
[Black "Delvos, Thorsten"]
[Result "0-1"]
[WhiteElo "1986"]
[BlackElo "1907"]
[PlyCount "98"]
[EventDate "2009.09.06"]
[EventType "team"]
[EventRounds "9"]
[EventCountry "GER"]
[SourceTitle "EXT 2011"]
[Source "ChessBase"]
[SourceDate "2010.11.26"]
[SourceVersion "1"]
[SourceVersionDate "2010.11.26"]
[SourceQuality "1"]
[WhiteTeam "Rochade Steele/Kray"]
[BlackTeam "Mengede SG"]
[WhiteTeamCountry "GER"]
[BlackTeamCountry "GER"]

1. c4 Nf6 2. Nf3 b6 3. g3 Bb7 4. Bg2 e6 5. 0-0 Be7 6. d4 0-0 7. Nc3 Ne4 8. Qc2 Nxc3 9. Qxc3 f5 10. b3 Bf6 11. Bb2 d6 12. Rad1 Nd7 13. Qd2 Qe7 14. e3 Rad8 15. Ba3 g5 16. Ne1 Bxg2 17. Nxg2 Qg7 18. f4 g4 19. Rfe1 c5 20. Bb2 d5 21. Re2 Rfe8 22. Ne1 h5 23. Qc3 cxd4 24. exd4 Nc5 25. Qe3 Ne4 26. cxd5 exd5 27. Nd3 Nc3 28. Qxe8+ Rxe8 29. Rxe8+ Kf7 30. Rc8 Nxd1 31. Rc7+ Be7 32. Ne5+ Kg8 33. Rc8+ Kh7 34. Rc7 Nxb2 35. Nc6 Bf6 36. Rxg7+ Kxg7 37. Kf2 Nd1+ 38. Ke2 Nc3+ 39. Kd3 Nxa2 40. b4 a5 41. bxa5 bxa5 42. Nxa5 Kf7 43. Nc6 Ke6 44. Ke3 Nc3 45. Na5 h4 46. Nb3 hxg3 47. Nc5+ Kd6 48. hxg3 Bxd4+ 49. Kxd4 Nb5+ 0-1

[Event "Ruhrgebiet VK1 0910"]
[Site "Ruhrgebiet"]
[Date "2010.01.10"]
[Round "5.6"]
[White "Heinrichs, Maximilian"]
[Black "Greger, Helmut"]
[Result "1/2-1/2"]
[WhiteElo "1796"]
[BlackElo "1986"]
[PlyCount "41"]
[EventDate "2009.09.06"]
[EventType "team"]
[EventRounds "9"]
[EventCountry "GER"]
[SourceTitle "EXT 2011"]
[Source "ChessBase"]
[SourceDate "2010.11.26"]
[SourceVersion "1"]
[SourceVersionDate "2010.11.26"]
[SourceQuality "1"]
[WhiteTeam "Hervest Dorsten"]
[BlackTeam "Rochade Steele/Kray"]
[WhiteTeamCountry "GER"]
[BlackTeamCountry "GER"]

1. d4 g6 2. c4 Bg7 3. Nc3 d6 4. e4 Nc6 5. Be3 e5 6. d5 Nce7 7. Bd3 f5 8. f3 Nf6 9. Nge2 0-0 10. h3 f4 11. Bf2 Nh5 12. b4 a5 13. b5 b6 14. Na4 Bd7 15. Bh4 Bf6 16. Bf2 Kg7 17. Qd2 Ng8 18. 0-0-0 Bh4 19. Qe1 Bxf2 20. Qxf2 Qf6 21. Kb1 1/2-1/2

[Event "Ruhrgebiet VK1 0910"]
[Site "Ruhrgebiet"]
[Date "2009.09.06"]
[Round "1.6"]
[White "Greger, Helmut"]
[Black "Reiter, Hans Ernst"]
[Result "1/2-1/2"]
[WhiteElo "1986"]
[BlackElo "2009"]
[PlyCount "84"]
[EventDate "2009.09.06"]
[EventType "team"]
[EventRounds "9"]
[EventCountry "GER"]
[SourceTitle "EXT 2011"]
[Source "ChessBase"]
[SourceDate "2010.11.26"]
[SourceVersion "1"]
[SourceVersionDate "2010.11.26"]
[SourceQuality "1"]
[WhiteTeam "Rochade Steele/Kray"]
[BlackTeam "Muelheim Nord III"]
[WhiteTeamCountry "GER"]
[BlackTeamCountry "GER"]

1. c4 Nf6 2. Nf3 b6 3. g3 Bb7 4. Bg2 e6 5. 0-0 Be7 6. d4 0-0 7. Nc3 Ne4 8. Qc2 Nxc3 9. Qxc3 f5 10. Rd1 Bf6 11. Bf4 d6 12. Qd2 Qe7 13. Bg5 Nd7 14. Rac1 Rae8 15. Bxf6 Nxf6 16. e3 Rd8 17. Qe1 Nd7 18. Qc3 Be4 19. Nd2 Bxg2 20. Kxg2 e5 21. Re1 Qf7 22. Qb3 Rde8 23. Nf3 h6 24. Ng1 Re6 25. Qc3 g5 26. b4 Rg6 27. c5 f4 28. f3 fxe3 29. Rxe3 g4 30. cxd6 cxd6 31. dxe5 Nxe5 32. Qb3 gxf3+ 33. Nxf3 Rf6 34. Qxf7+ R8xf7 35. Nxe5 Rf2+ 36. Kh3 dxe5 37. Rxe5 Rxa2 38. Re6 Rb2 39. Rc8+ Kg7 40. Rc4 h5 41. Re5 Kg6 42. Rc6+ Rf6 1/2-1/2

[Event "Ruhrgebiet VL2 0708"]
[Site "Germany"]
[Date "2007.12.09"]
[Round "4.5"]
[White "Greger, Helmut"]
[Black "Romczik, Detlef"]
[Result "1-0"]
[WhiteElo "1972"]
[BlackElo "2137"]
[PlyCount "75"]
[EventDate "2007.09.02"]
[EventType "team"]
[EventRounds "9"]
[EventCountry "GER"]
[SourceTitle "EXT 2009"]
[Source "ChessBase"]
[SourceDate "2008.11.26"]
[SourceVersion "1"]
[SourceVersionDate "2008.11.26"]
[SourceQuality "1"]
[WhiteTeam "Rochade Steele/Kray"]
[BlackTeam "Dortmund SV"]
[WhiteTeamCountry "GER"]
[BlackTeamCountry "GER"]

1. c4 c5 2. Nf3 Nf6 3. d4 cxd4 4. Nxd4 e6 5. Nc3 a6 6. g3 Qb6 7. Bg2 Bc5 8. e3 Nc6 9. Nb3 Bb4 10. 0-0 0-0 11. c5 Qd8 12. Qc2 b6 13. Na4 bxc5 14. Naxc5 Rb8 15. Rd1 Qe7 16. a3 Bxc5 17. Nxc5 Ne5 18. b4 d5 19. Bb2 Nc4 20. Bc3 Nd7 21. Nxd7 Bxd7 22. Bd4 Rfc8 23. Bc5 Qf6 24. e4 Nb6 25. Qe2 Bb5 26. Qf3 Na4 27. Qxf6 gxf6 28. Rac1 Nb2 29. Rd4 Nd3 30. Rc3 Nxc5 31. Rxc5 Rxc5 32. bxc5 Bc4 33. Rd1 d4 34. c6 e5 35. c7 Ra8 36. Bh3 Be6 37. Bxe6 fxe6 38. Rb1 1-0

[Event "Ruhrgebiet VL1 0304"]
[Site "Ruhrgebiet"]
[Date "2004.02.08"]
[Round "6.6"]
[White "Weiss, Thomas"]
[Black "Greger, Helmut"]
[Result "1-0"]
[WhiteElo "2030"]
[BlackElo "1938"]
[PlyCount "81"]
[EventDate "2003.09.28"]
[EventType "team"]
[EventRounds "9"]
[EventCountry "GER"]
[SourceTitle "EXT 2007"]
[Source "ChessBase"]
[SourceDate "2006.11.23"]
[SourceVersion "1"]
[SourceVersionDate "2006.11.23"]
[SourceQuality "1"]
[WhiteTeam "Oberhausen"]
[BlackTeam "Steele/Kray Rochade"]
[WhiteTeamCountry "GER"]
[BlackTeamCountry "GER"]

1. d4 g6 2. e4 Bg7 3. Nc3 d6 4. Be3 c6 5. Qd2 b5 6. Bd3 Nd7 7. Nf3 Qa5 8. 0-0 Ngf6 9. Bh6 0-0 10. Bxg7 Kxg7 11. Rfe1 e5 12. a4 b4 13. Ne2 Rb8 14. Ng3 h6 15. Nh4 Ng8 16. Qe3 Qd8 17. Nf3 a5 18. Rad1 Qb6 19. Bc4 Qc7 20. Bb3 Ba6 21. h4 Ngf6 22. h5 Nb6 23. Nh4 Bc8 24. dxe5 dxe5 25. Bxf7 Rxf7 26. hxg6 Ng4 27. Nh5+ Kf8 28. Qc1 Qe7 29. g3 Qc5 30. Qd2 Rd7 31. Qe2 Qxf2+ 32. Qxf2+ Nxf2 33. Rxd7 Nh3+ 34. Kh2 Bxd7 35. Rf1+ Kg8 36. Nf6+ Kh8 37. Nxd7 Nxd7 38. Kxh3 Rf8 39. Nf5 Rf6 40. Rd1 Rxg6 41. Rxd7 1-0

[Event "Ruhrgebiet VL1 0304"]
[Site "Ruhrgebiet"]
[Date "2003.11.09"]
[Round "3.7"]
[White "Neuer, Thomas"]
[Black "Greger, Helmut"]
[Result "0-1"]
[WhiteElo "1940"]
[BlackElo "1938"]
[PlyCount "123"]
[EventDate "2003.09.28"]
[EventType "team"]
[EventRounds "9"]
[EventCountry "GER"]
[SourceTitle "EXT 2007"]
[Source "ChessBase"]
[SourceDate "2006.11.23"]
[SourceVersion "1"]
[SourceVersionDate "2006.11.23"]
[SourceQuality "1"]
[WhiteTeam "Holsterhausen"]
[BlackTeam "Steele/Kray Rochade"]
[WhiteTeamCountry "GER"]
[BlackTeamCountry "GER"]

1. e4 g6 2. d4 Bg7 3. Nc3 d6 4. f4 Nc6 5. Be3 Nf6 6. Nf3 0-0 7. Bd3 e5 8. dxe5 dxe5 9. f5 gxf5 10. Bg5 Qd6 11. Qe2 f4 12. 0-0-0 Bg4 13. Qf2 Be6 14. Qh4 Ng4 15. Bxf4 Qd8 16. Qxd8 Raxd8 17. Bg3 Nb4 18. Rhe1 Bh6+ 19. Kb1 Ne3 20. Rd2 Nexc2 21. Rxc2 Nxd3 22. Rd1 f6 23. b3 c6 24. Re2 Rd7 25. Ne1 Rfd8 26. Rxd3 Rxd3 27. Nxd3 Rxd3 28. Kc2 Rd7 29. Rf2 Kg7 30. h3 Be3 31. Re2 Bh6 32. Rf2 Bf7 33. Bh4 Rd6 34. g4 Bg6 35. Bg3 b5 36. a3 a5 37. Re2 Kf7 38. Nd1 Rd4 39. Nf2 Ke6 40. Kc3 Bf8 41. Kb2 c5 42. Bh4 Bh6 43. Bg3 Bf4 44. Bh4 Rd2+ 45. Rxd2 Bxd2 46. Kc2 Be3 47. Kd3 Bd4 48. Nd1 a4 49. bxa4 c4+ 50. Ke2 Bxe4 51. Be1 bxa4 52. Bb4 Bc2 53. Nc3 f5 54. gxf5+ Kxf5 55. Nb5 Bd3+ 56. Kd2 Kf4 57. Nc3 Kf3 58. Nxa4 e4 59. Nc5 e3+ 60. Ke1 Bf5 61. a4 e2 62. Ne4 0-1